01169cam a2200301 i 450000100090000000300040000900500170001300800410003001000170007102000290008804000230011704200080014005000220014808200190017024502350018925000200042426400480044430000610049233600260055333700280057933800270060765000280063470000300066290600450069294200120073799900170074995201010076618852786OSt20240530110538.0151110s2015 ne a b 001 0 eng  a 2013372182 a9780124059450 (hardback) aDLCbengerdacDLC apcc00aQH453b.P748 201504223a571.8bm p00aPrinciples of developmental genetics /cedited by Sally A. Moody, Department of Anatomy and Regenerative Biology, The George Washington University School of Medicine and Health Sciences, Washington, D.C., United States of America. aSecond edition. 1aAmsterdam ;aBoston :bElsevier/AP,c[2015] axxi, 749 pages :billustrations (chiefly color) ;c27 cm atextbtxt2rdacontent aunmediatedbn2rdamedia avolumebnc2rdacarrier 0aDevelopmental genetics.1 aMoody, Sally A.,eeditor. a7bcbccorigcopd2encipf20gy-gencatlg 2ddccBK c62195d62195 00102ddc4070aCAIbCAId2016-04-19l0o571.8 m pp161851r2016-04-19 00:00:00w2016-04-19yBK